UM Logo

The Chinese in the Philippine economy 1898- 1941/ (Record no. 7271)

MARC details
000 -LEADER
fixed length control field 00591nam a22001697a 4500
008 - FIXED-LENGTH DATA ELEMENTS--GENERAL INFORMATION
fixed length control field 170814b xxu||||| |||| 00| 0 eng d
020 ## - INTERNATIONAL STANDARD BOOK NUMBER
International Standard Book Number 9715502999
082 ## - DEWEY DECIMAL CLASSIFICATION NUMBER
Edition number 1999
Classification number DFil 305.895109599
Item number W84
100 ## - MAIN ENTRY--PERSONAL NAME
9 (RLIN) 22024
Personal name Wong, Kwok-chu.
245 ## - TITLE STATEMENT
Title The Chinese in the Philippine economy 1898- 1941/
Statement of responsibility, etc. Wong Kwok-chu.
260 ## - PUBLICATION, DISTRIBUTION, ETC. (IMPRINT)
Place of publication, distribution, etc. Quezon City:
Name of publisher, distributor, etc. ADMU Press,
Date of publication, distribution, etc. c1999.
300 ## - PHYSICAL DESCRIPTION
Extent ix, 279 pages;
Dimensions 23 cm.
500 ## - GENERAL NOTE
General note Includes bibliographical references and index.
650 #0 - SUBJECT ADDED ENTRY--TOPICAL TERM
9 (RLIN) 22025
Topical term or geographic name as entry element Chinese in the Philippines- Economic conditions- 1898- 1941.
365 ## - TRADE PRICE
Price type code Php.
Price amount 412.50
942 ## - ADDED ENTRY ELEMENTS (KOHA)
Source of classification or shelving scheme Dewey Decimal Classification
Koha item type Filipiniana
Holdings
Withdrawn status Lost status Source of classification or shelving scheme Damaged status Not for loan Collection code Home library Current library Date acquired Source of acquisition Total Checkouts Full call number Barcode Date last seen Copy number Cost, replacement price Price effective from Koha item type
    Dewey Decimal Classification     Filipiniana UM Digos College - LIC UM Digos College - LIC 10/28/2003 Purchased   DFil 305.895109599 W84 1999 16242 05/15/2025 1 412.50 08/14/2017 Filipiniana
    Dewey Decimal Classification     Filipiniana UM Digos College - LIC UM Digos College - LIC 07/02/2004 Purchased   DFil 305.895109599 W84 1999 17377 05/15/2025 2 412.50 08/14/2017 Filipiniana